00838nas a2200253Ia 4500001001100000003000900011008004100020040001300061040001300074041001300087100005500100210001400155222001400169245006000183250001100243260003100254501008600285300002000371362002400391500007900415650003900494700002200533700002900555R703/49206IT-RoPAU151124c99999999xx |||||||||||| ||und|| aIT-RoPAU cIT-RoPAU aFRANCESE aLotman Jurij MichajlovicgCodice Aut. SPICS: 4492 aSEMIOTICA aSemiotica aSEMIOTICA, VOL.01-N.2 (1969)bTexte Et la Fonction (Le) a1a ed. aLA HAYEbMOUTON & COc1969 bPaulus - SPICS - Società San Paolo EM (non-commercial uses only)cCopyright2015 a13 p. [205-217] aVOL.01, N.02 (1969) aTesto e Funzione: Relazione Ai Colloqui di Tartu Sulla Semiologia in Urss. aSEMIOTICAvPUBBLICAZIONE PERIODICA aPjatigorskij A.M. gCodice Aut. SPICS: 2494